| 000 | 01015cam a2200217 4500 | ||
|---|---|---|---|
| 001 | WB3929-15 | ||
| 008 | 030731n2003 000 0 eng u | ||
| 035 | _a(Sirsi) u123170 | ||
| 245 | _aCommunity projects share £1.3 million | ||
| 260 | _c2003 | ||
| 490 |
_aScottish Executive News Release _v 31 July 2003, (4) |
||
| 520 | _a39 community projects are sharing £1.3m from the executive. The Scottish Partnership Fund will provide the finance and this includes three grant schemes including the Rural Challenge Fund and the Rural Strategic Support Fund. The projects supported by this include a community minibus and playpark on the Western Isles and a scheme to renovate a derelict hall in Moray. For the press release: http://www.scotland.gov.uk/pages/news/2003/07/SEEN574.aspx | ||
| 590 | _aWB | ||
| 650 | _aCOMMUNITY PROJECTS | ||
| 650 | _aSCOTTISH RURAL PARTNERSHIP FUND | ||
| 650 | _aRURAL CHALLENGE FUND | ||
| 650 | _aSCOTLAND | ||
| 650 | _aWESTERN ISLES | ||
| 690 |
_aRural _96268 |
||
| 942 | _n0 | ||
| 999 |
_c73148 _d73148 |
||